[Event "Mistrzostwa Polski Niewidomych i Slabowi"]
[Site "Wagrowiec"]
[Date "2016.??.??"]
[Round "5.6"]
[White "Falkowski, Dawid"]
[Black "Dukaczewski, Piotr"]
[Result "0-1"]
[WhiteElo "2059"]
[BlackElo "2254"]
[PlyCount "70"]
[EventDate "2016.??.??"]

1. e4 e6 2. d4 d5 3. Nc3 Bb4 4. e5 c5 5. a3 Bxc3+ 6. bxc3 Qc7 7. Qg4 Ne7 8. Bd3
cxd4 9. Ne2 dxc3 10. Qxg7 Rg8 11. Qxh7 Qxe5 12. Bf4 Qf6 13. h4 Rxg2 14. Bg3 Nd7
15. Kf1 Nf8 16. Bb5+ Bd7 17. Qd3 Rxg3 18. Nxg3 O-O-O 19. Rb1 Bc6 20. Rb3 d4 21.
Bxc6 Nxc6 22. Qb5 Qe7 23. Ne4 Rd5 24. Qe2 f5 25. Nxc3 dxc3 26. Rxc3 Qf6 27. Rg3
f4 28. Rg8 f3 29. Rxf8+ Qxf8 30. Qxe6+ Rd7 31. Rh3 Kc7 32. Kg1 Rd1+ 33. Kh2
Qf4+ 34. Rg3 Qxh4+ 35. Rh3 Qxf2# 0-1

[Event "Mistrzostwa Polski Niewidomych i Slabowi"]
[Site "Wagrowiec"]
[Date "2016.??.??"]
[Round "6.1"]
[White "Mackowiak, Marek"]
[Black "Dukaczewski, Piotr"]
[Result "1/2-1/2"]
[WhiteElo "2138"]
[BlackElo "2254"]
[PlyCount "83"]
[EventDate "2016.??.??"]

1. d4 f5 2. c4 Nf6 3. Nc3 d6 4. Bg5 Nbd7 5. Qc2 g6 6. e4 fxe4 7. Nxe4 Bg7 8.
Nf3 O-O 9. Ng3 Qe8 10. Be2 e5 11. O-O exd4 12. Nxd4 Ne5 13. Rae1 Qf7 14. Nf3
Nc6 15. Qd2 Ng4 16. h3 Nge5 17. Nxe5 Nxe5 18. b3 a5 19. Bh6 Bxh6 20. Qxh6 a4
21. f4 Nc6 22. Bf3 Qg7 23. Bd5+ Kh8 24. Qh4 Bd7 25. b4 Rae8 26. a3 Qd4+ 27. Kh2
Rxe1 28. Rxe1 Qxf4 29. Qxf4 Rxf4 30. Bxc6 Bxc6 31. b5 Bxg2 32. Kxg2 Rxc4 33.
Re7 d5 34. Rd7 Rc5 35. b6 cxb6 36. Rxb7 b5 37. Kf3 Rc3+ 38. Kg4 Rxa3 39. Rxb5
h5+ 40. Kh4 Kg7 41. Rxd5 Rb3 42. Nxh5+ 1/2-1/2

[Event "Mistrzostwa Polski Niewidomych i Slabowi"]
[Site "Wagrowiec"]
[Date "2016.??.??"]
[Round "6.2"]
[White "Suder, Ryszard"]
[Black "Falkowski, Dawid"]
[Result "1-0"]
[WhiteElo "2138"]
[BlackElo "2059"]
[PlyCount "51"]
[EventDate "2016.??.??"]

1. Nf3 c5 2. b3 Nc6 3. Bb2 d5 4. e3 Nf6 5. Bb5 Bg4 6. h3 Bh5 7. g4 Bg6 8. Ne5
Qc7 9. Bxc6+ bxc6 10. d3 Nd7 11. f4 f6 12. Nxg6 hxg6 13. Qf3 e6 14. Nc3 Bd6 15.
O-O-O O-O-O 16. h4 Rh6 17. Rh3 Rdh8 18. Rdh1 Kb7 19. Kb1 Qa5 20. Qf1 Kc7 21.
Qe1 Kb7 22. Qf2 Bb8 23. Qf3 Bd6 24. Qg2 Nf8 25. Ne2 Rxh4 26. Bc3 1-0

[Event "Mistrzostwa Polski Niewidomych i Slabowi"]
[Site "Wagrowiec"]
[Date "2016.??.??"]
[Round "6.3"]
[White "Pawelec, Bartosz"]
[Black "Kulpinski, Piotr"]
[Result "1-0"]
[WhiteElo "2115"]
[BlackElo "1930"]
[PlyCount "79"]
[EventDate "2016.??.??"]

1. e4 c6 2. d4 d5 3. e5 Bf5 4. Nf3 e6 5. Be2 c5 6. O-O Nc6 7. Nbd2 Nge7 8. dxc5
Ng6 9. Nb3 Ngxe5 10. Nfd4 Be7 11. Nxf5 exf5 12. Nd4 Nxd4 13. Qxd4 Bf6 14. Bb5+
Nc6 15. Re1+ Kf8 16. Qd3 h5 17. Bf4 g6 18. Bd6+ Kg7 19. Qxd5 Bxb2 20. Rad1 Re8
21. Bc4 Qf6 22. Bb5 Bc3 23. Rxe8 Rxe8 24. Bxc6 bxc6 25. Qxc6 Qd4 26. Qf3 Bb4
27. h3 Qe4 28. Qd3 Rc8 29. Qxe4 fxe4 30. Rd5 f6 31. Kf1 Kf7 32. Rd4 Ba3 33.
Rxe4 Rc6 34. Rc4 Ke6 35. Ke2 Kd5 36. Kd3 Rc8 37. Rd4+ Kc6 38. Ra4 Bxc5 39. Bxc5
Kxc5 40. Rc4+ 1-0

[Event "Mistrzostwa Polski Niewidomych i Slabowi"]
[Site "Wagrowiec"]
[Date "2016.??.??"]
[Round "6.4"]
[White "Czajkowski, Adam"]
[Black "Zarow, Zdzislaw"]
[Result "1-0"]
[WhiteElo "2082"]
[BlackElo "1862"]
[PlyCount "71"]
[EventDate "2016.??.??"]

1. e4 e5 2. Nf3 Nf6 3. Nc3 d6 4. Bc4 Be7 5. d3 c6 6. Be3 b5 7. Bb3 a5 8. a4 b4
9. Ne2 Bg4 10. Ng3 Nbd7 11. h3 Be6 12. Bxe6 fxe6 13. d4 exd4 14. Nxd4 Qc8 15.
Nxe6 g6 16. O-O Ne5 17. Nd4 O-O 18. f4 Nc4 19. Qd3 Nxe3 20. Qxe3 c5 21. Nb5 Ne8
22. f5 Rf6 23. Rad1 Ng7 24. fxg6 Rxg6 25. Nf5 Nxf5 26. exf5 Bg5 27. Qf3 Rf6 28.
Qg4 h6 29. h4 c4 30. hxg5 Qc5+ 31. Qd4 hxg5 32. Nxd6 Qxd4+ 33. Rxd4 Rd8 34.
Rfd1 c3 35. bxc3 bxc3 36. Ne4 1-0

[Event "Mistrzostwa Polski Niewidomych i Slabowi"]
[Site "Wagrowiec"]
[Date "2016.??.??"]
[Round "6.5"]
[White "Zoltek, Tadeusz"]
[Black "Debowska, Teresa"]
[Result "1-0"]
[WhiteElo "2100"]
[BlackElo "1820"]
[PlyCount "85"]
[EventDate "2016.??.??"]

1. c4 g6 2. Nc3 Bg7 3. g3 d6 4. Bg2 Nc6 5. d3 e5 6. Rb1 f5 7. e3 Nf6 8. b4 Ne7
9. Nge2 O-O 10. O-O h6 11. Nd5 g5 12. Nxf6+ Bxf6 13. f4 Ng6 14. b5 Rb8 15. Qa4
gxf4 16. exf4 Be6 17. Bd5 Qe7 18. fxe5 Bxd5 19. exf6 Qxe2 20. cxd5 Qxd3 21.
Bxh6 Rxf6 22. Rbd1 Qc3 23. Qxa7 Re8 24. Qd4 Qc5 25. Bg5 Rf7 26. Qxc5 dxc5 27.
d6 cxd6 28. Rxd6 Kg7 29. Rd5 Re5 30. Rd8 Re6 31. a4 b6 32. Rd5 Ra7 33. Rdxf5
Rxa4 34. Rf7+ Kg8 35. R7f6 Rae4 36. h4 R4e5 37. Rxe6 Rxe6 38. Rf6 Nf8 39. Rxe6
Nxe6 40. Be3 Nc7 41. Bxc5 bxc5 42. b6 Na6 43. Kf2 1-0

[Event "Mistrzostwa Polski Niewidomych i Slabowi"]
[Site "Wagrowiec"]
[Date "2016.??.??"]
[Round "6.6"]
[White "Barnowski, Sylwester"]
[Black "Stachanczyk, Jacek"]
[Result "1/2-1/2"]
[WhiteElo "1904"]
[BlackElo "2202"]
[PlyCount "67"]
[EventDate "2016.??.??"]

1. f4 d5 2. e3 Nf6 3. d4 c5 4. c3 Nc6 5. Bd3 Qc7 6. Nf3 g6 7. O-O Bg7 8. Nbd2
cxd4 9. cxd4 O-O 10. Ne5 b6 11. Ndf3 Nb4 12. Be2 Ne4 13. Bd2 Qd6 14. a3 Nc6 15.
Nxc6 Qxc6 16. Rc1 Qe6 17. Ne5 Nxd2 18. Qxd2 Qd6 19. Rc6 Qd8 20. Rfc1 f6 21. Nf3
Re8 22. Rc7 Bd7 23. Ba6 e6 24. g4 Bf8 25. Be2 Bd6 26. R7c2 Qe7 27. g5 fxg5 28.
Nxg5 h6 29. Nf3 Ba4 30. Rc3 Rf8 31. Bd3 Qf6 32. Qg2 Be8 33. h4 Kh8 34. Kf2
1/2-1/2

[Event "Mistrzostwa Polski Niewidomych i Slabowi"]
[Site "Wagrowiec"]
[Date "2016.??.??"]
[Round "7.1"]
[White "Stachanczyk, Jacek"]
[Black "Mackowiak, Marek"]
[Result "1/2-1/2"]
[WhiteElo "2202"]
[BlackElo "2138"]
[PlyCount "97"]
[EventDate "2016.??.??"]

1. e4 c6 2. d4 d5 3. Nc3 dxe4 4. Nxe4 Bf5 5. Ng3 Bg6 6. h4 h6 7. Nf3 Nd7 8. h5
Bh7 9. Bd3 Bxd3 10. Qxd3 Ngf6 11. Bf4 e6 12. O-O-O Nd5 13. Bd2 Be7 14. Kb1 a5
15. Ne5 Nxe5 16. dxe5 Qc7 17. f4 O-O-O 18. Qb3 Nb4 19. a3 Na6 20. Be3 Nc5 21.
Bxc5 Bxc5 22. Ne4 Be7 23. c4 b6 24. Qe3 Rxd1+ 25. Rxd1 Rd8 26. Rxd8+ Qxd8 27.
Kc2 Kc7 28. g4 f6 29. exf6 gxf6 30. Ng3 Qg8 31. Qe2 Bd6 32. Qf3 e5 33. fxe5
Qxc4+ 34. Kb1 Bxe5 35. Nf5 Qf4 36. Qe2 Kb7 37. Ka2 b5 38. Kb1 b4 39. axb4 axb4
40. Ka2 Kb6 41. Kb3 Qc1 42. Ne3 Kc7 43. Nc4 Bd6 44. Qd3 Qf4 45. Qh7+ Kd8 46.
Qd3 Kc7 47. Qh7+ Kd8 48. Qd3 Kc7 49. Qh7+ 1/2-1/2

[Event "Mistrzostwa Polski Niewidomych i Slabowi"]
[Site "Wagrowiec"]
[Date "2016.??.??"]
[Round "7.2"]
[White "Debowska, Teresa"]
[Black "Barnowski, Sylwester"]
[Result "1-0"]
[WhiteElo "1820"]
[BlackElo "1904"]
[PlyCount "64"]
[EventDate "2016.??.??"]

1. e4 Nf6 2. Nc3 d5 3. exd5 Nxd5 4. Bc4 c6 5. Nf3 e6 6. a4 Bd6 7. O-O O-O 8.
Ne4 Be7 9. d4 Nd7 10. c3 N7f6 11. Ng3 Qc7 12. Ne5 c5 13. Qe2 cxd4 14. cxd4 h6
15. Nh5 Nxh5 16. Qxh5 f6 17. Bxd5 fxe5 18. Be4 Bf6 19. Qg6 Rd8 20. Qh7+ Kf8 21.
Bxh6 exd4 22. Bd2 Qb6 23. b4 e5 24. b5 Be6 25. Qh8+ Ke7 26. Bb4+ Kd7 27. Qh5
Rh8 28. Qf3 Rab8 29. Rac1 a6 30. Bc5 Qa5 31. Bxb7 e4 32. Qxe4 Rxb7 1-0

[Event "Mistrzostwa Polski Niewidomych i Slabowi"]
[Site "Wagrowiec"]
[Date "2016.??.??"]
[Round "7.3"]
[White "Zarow, Zdzislaw"]
[Black "Zoltek, Tadeusz"]
[Result "0-1"]
[WhiteElo "1862"]
[BlackElo "2100"]
[PlyCount "88"]
[EventDate "2016.??.??"]

1. e4 c5 2. Bc4 e6 3. Nc3 a6 4. a4 Nc6 5. Nf3 Nf6 6. d4 d5 7. exd5 exd5 8. Be2
Ne4 9. O-O cxd4 10. Nxd4 Nxc3 11. Nxc6 bxc6 12. bxc3 Bd6 13. Bf3 O-O 14. c4 Qh4
15. g3 Qxc4 16. Re1 Bf5 17. Bb2 Rab8 18. Be5 Bxe5 19. Rxe5 Qxc2 20. Rc1 Qxd1+
21. Bxd1 Rb1 22. Rxb1 Bxb1 23. Bg4 Bc2 24. a5 Bd3 25. Bd7 Bb5 26. Be8 d4 27.
Bd7 Rd8 28. f4 Kf8 29. Bg4 Re8 30. Kf2 Rxe5 31. fxe5 c5 32. Ke1 Ke7 33. Kd2 f6
34. exf6+ Kxf6 35. Bf3 Ke5 36. Kc2 c4 37. Kb2 Kd6 38. Ka3 Kc5 39. Bb7 h6 40.
Bc8 d3 41. Bf5 Kd4 42. Kb2 c3+ 43. Kb1 d2 44. Bg4 Ba4 0-1

[Event "Mistrzostwa Polski Niewidomych i Slabowi"]
[Site "Wagrowiec"]
[Date "2016.??.??"]
[Round "7.4"]
[White "Kulpinski, Piotr"]
[Black "Czajkowski, Adam"]
[Result "0-1"]
[WhiteElo "1930"]
[BlackElo "2082"]
[PlyCount "58"]
[EventDate "2016.??.??"]

1. d4 Nf6 2. f4 c5 3. e3 b6 4. Nf3 Bb7 5. Bd3 e6 6. O-O Qc7 7. c3 h6 8. Bd2 g5
9. f5 Bd6 10. fxe6 dxe6 11. Be1 Ng4 12. Ne5 Nxe5 13. dxe5 Bxe5 14. Qh5 Rf8 15.
Nd2 Nc6 16. Nc4 O-O-O 17. Be4 Ba6 18. Nxe5 Nxe5 19. Rf6 Nd7 20. Rxh6 Qe5 21.
Qf3 f5 22. Ba8 Qd6 23. Rd1 Ne5 24. Rxd6 Nxf3+ 25. gxf3 Rxd6 26. Bg3 f4 27. exf4
gxf4 28. Bh4 Rg8+ 29. Kf2 Rd2+ 0-1

[Event "Mistrzostwa Polski Niewidomych i Slabowi"]
[Site "Wagrowiec"]
[Date "2016.??.??"]
[Round "7.5"]
[White "Falkowski, Dawid"]
[Black "Pawelec, Bartosz"]
[Result "0-1"]
[WhiteElo "2059"]
[BlackElo "2115"]
[PlyCount "47"]
[EventDate "2016.??.??"]

1. e4 e6 2. d4 d5 3. Nc3 dxe4 4. Nxe4 Nd7 5. Bd3 Ngf6 6. c3 Nxe4 7. Bxe4 Nf6 8.
Bc2 c5 9. Nf3 Bd7 10. O-O Qc7 11. Ne5 Bd6 12. Re1 cxd4 13. Qxd4 Rd8 14. Ng4
Nxg4 15. Qxg4 Bxh2+ 16. Kh1 Be5 17. Bg5 f6 18. f4 Bd6 19. Qh5+ Kf8 20. f5 Be8
21. Qf3 fxg5 22. fxe6+ Kg8 23. e7 Bf7 24. e8=Q+ 0-1

[Event "Mistrzostwa Polski Niewidomych i Slabowi"]
[Site "Wagrowiec"]
[Date "2016.??.??"]
[Round "7.6"]
[White "Dukaczewski, Piotr"]
[Black "Suder, Ryszard"]
[Result "1-0"]
[WhiteElo "2254"]
[BlackElo "2138"]
[PlyCount "135"]
[EventDate "2016.??.??"]

1. c4 Nf6 2. Nc3 d5 3. cxd5 Nxd5 4. g3 g6 5. Bg2 Nxc3 6. bxc3 Bg7 7. Nf3 O-O 8.
O-O c5 9. d4 Nc6 10. e3 Be6 11. Re1 cxd4 12. cxd4 Rc8 13. Rb1 b6 14. a4 Na5 15.
Nd2 Qd7 16. Rb5 Qc7 17. Ba3 Nc4 18. Nxc4 Bxc4 19. Rb1 Rfd8 20. a5 e6 21. Qd2 b5
22. Rec1 Qd7 23. f4 Bf8 24. Bb2 Ba2 25. Ra1 Rxc1+ 26. Qxc1 Bc4 27. Qc3 Bg7 28.
a6 h5 29. Qa5 Bf6 30. Rc1 Rc8 31. Bb7 Re8 32. Kf2 Qd8 33. Qa1 Qd7 34. e4 Rd8
35. Ke3 Qc7 36. Rd1 Be7 37. Kf3 Bf8 38. h3 f5 39. Rc1 Qd7 40. Kg2 Bg7 41. Rd1
Bb3 42. Rd2 fxe4 43. Bxe4 Bd5 44. Bxd5 Qxd5+ 45. Kh2 Qe4 46. Qd1 Rc8 47. Qe2
Qxe2+ 48. Rxe2 Kf7 49. Kg2 Rc6 50. d5 exd5 51. Bxg7 Kxg7 52. Re7+ Kf6 53. Rxa7
b4 54. Ra8 Rc2+ 55. Kf3 Rc3+ 56. Kf2 Ra3 57. Ke2 Kg7 58. g4 Rxh3 59. f5 hxg4
60. a7 Ra3 61. f6+ Kxf6 62. Rf8+ Kg5 63. a8=Q Rxa8 64. Rxa8 Kf4 65. Rb8 Kg3 66.
Rxb4 Kh3 67. Kf2 g3+ 68. Kg1 1-0

[Event "Mistrzostwa Polski Niewidomych i Slabowi"]
[Site "Wagrowiec"]
[Date "2016.??.??"]
[Round "8.1"]
[White "Mackowiak, Marek"]
[Black "Suder, Ryszard"]
[Result "1/2-1/2"]
[WhiteElo "2138"]
[BlackElo "2138"]
[PlyCount "133"]
[EventDate "2016.??.??"]

1. Nf3 Nf6 2. c4 g6 3. d4 Bg7 4. Nc3 d5 5. cxd5 Nxd5 6. e4 Nxc3 7. bxc3 O-O 8.
Be2 c5 9. O-O cxd4 10. cxd4 Nc6 11. Be3 Bg4 12. Rb1 Bxf3 13. Bxf3 Bxd4 14. Bh6
Bg7 15. Bxg7 Kxg7 16. Rxb7 Qxd1 17. Rxd1 Rfd8 18. h3 Nd4 19. Rc1 Nxf3+ 20. gxf3
Rd2 21. Rcc7 Rxa2 22. Rxe7 Rf8 23. Rxa7 Rxa7 24. Rxa7 Re8 25. Kg2 Re6 26. Kg3
Kf6 27. Kf4 Rb6 28. h4 h5 29. Ra5 Rc6 30. Kg3 Rc3 31. Kg2 Rc4 32. Kg3 Rb4 33.
Kf4 Rb6 34. Ra1 Ke6 35. Ra3 Kf6 36. Kg3 Re6 37. Re3 Ra6 38. f4 Ra1 39. f3 Ke6
40. Rb3 Ra6 41. Rb5 f5 42. exf5+ gxf5 43. Rb8 Kf7 44. Rh8 Kg6 45. Rg8+ Kh6 46.
Rg5 Ra5 47. Kf2 Rb5 48. Ke3 Rd5 49. Rg8 Ra5 50. Kd4 Kh7 51. Rd8 Ra3 52. Ke5
Rxf3 53. Kxf5 Kg7 54. Rd7+ Kf8 55. Rb7 Rf1 56. Kg5 Kg8 57. f5 Rf2 58. Kf6 Ra2
59. Rb8+ Kh7 60. Kg5 Rg2+ 61. Kf6 Rg1 62. Ke6 Re1+ 63. Kf7 Ra1 64. Rb7 Kh6 65.
f6 Ra6 66. Re7 Rxf6+ 67. Kxf6 1/2-1/2

[Event "Mistrzostwa Polski Niewidomych i Slabowi"]
[Site "Wagrowiec"]
[Date "2016.??.??"]
[Round "8.2"]
[White "Pawelec, Bartosz"]
[Black "Dukaczewski, Piotr"]
[Result "0-1"]
[WhiteElo "2115"]
[BlackElo "2254"]
[PlyCount "84"]
[EventDate "2016.??.??"]

1. e4 g6 2. d4 Bg7 3. Nf3 d6 4. Bc4 Nf6 5. Nc3 O-O 6. Bg5 c6 7. e5 Ne8 8. Qe2
d5 9. Bd3 Bg4 10. Qe3 f6 11. Bh6 Bxf3 12. gxf3 fxe5 13. dxe5 e6 14. Bxg7 Nxg7
15. Ne2 Nd7 16. O-O-O Qb6 17. f4 c5 18. h4 Nh5 19. Rhg1 Kg7 20. Qf3 Kf7 21. f5
Ke8 22. Qe3 exf5 23. e6 Ndf6 24. Qe5 Ke7 25. Nc3 Rad8 26. Rge1 Qd6 27. Qe2 a6
28. Bxf5 Qf4+ 29. Kb1 Qxf5 30. Na4 Ne4 31. Qe3 Qxf2 32. Qh6 Qf6 33. Qe3 Qf4 34.
Qb3 b5 35. Nxc5 Nxc5 36. Qa3 b4 37. Qa5 Qd6 38. Qxb4 Nf4 39. Qd4 Ncxe6 40. Qg7+
Rf7 41. Qh6 Kd7 42. Re3 Qf8 0-1

[Event "Mistrzostwa Polski Niewidomych i Slabowi"]
[Site "Wagrowiec"]
[Date "2016.??.??"]
[Round "8.4"]
[White "Zoltek, Tadeusz"]
[Black "Kulpinski, Piotr"]
[Result "1/2-1/2"]
[WhiteElo "2100"]
[BlackElo "1930"]
[PlyCount "63"]
[EventDate "2016.??.??"]

1. Nf3 d5 2. d4 Nf6 3. c4 c6 4. Nc3 e6 5. e3 Nbd7 6. Qc2 Bd6 7. b3 O-O 8. Be2
b6 9. O-O Bb7 10. e4 dxe4 11. Nxe4 Nxe4 12. Qxe4 Nf6 13. Qh4 c5 14. Bb2 Ne4 15.
Qxd8 Rfxd8 16. Rad1 cxd4 17. Bxd4 Bc5 18. Bxc5 bxc5 19. Rxd8+ Rxd8 20. Rc1 f6
21. Kf1 Nd2+ 22. Nxd2 Rxd2 23. Rd1 Rxd1+ 24. Bxd1 Be4 25. f3 Bd3+ 26. Ke1 g5
27. Kd2 Bf1 28. g3 Kf7 29. Kc3 a5 30. a3 Ke7 31. b4 axb4+ 32. axb4 1/2-1/2

[Event "Mistrzostwa Polski Niewidomych i Slabowi"]
[Site "Wagrowiec"]
[Date "2016.??.??"]
[Round "8.5"]
[White "Barnowski, Sylwester"]
[Black "Zarow, Zdzislaw"]
[Result "0-1"]
[WhiteElo "1904"]
[BlackElo "1862"]
[PlyCount "115"]
[EventDate "2016.??.??"]

1. d4 Nf6 2. f4 d5 3. Nf3 Bg4 4. e3 Ne4 5. Bd3 e6 6. Nbd2 Bb4 7. c3 Nxd2 8.
Bxd2 Be7 9. O-O O-O 10. Qc2 h6 11. Ne5 Bh5 12. g4 f6 13. gxh5 fxe5 14. dxe5 Nc6
15. Kh1 Bc5 16. Rg1 Ne7 17. Rg4 Nf5 18. Rag1 Rf7 19. Bxf5 exf5 20. Rg6 Bf8 21.
Rxh6 a5 22. Rhg6 Ra6 23. Rxa6 bxa6 24. Qd1 d4 25. exd4 Qd5+ 26. Rg2 c5 27. Be3
Qe4 28. Qg1 Rb7 29. Bc1 Rc7 30. Qe3 cxd4 31. Qxd4 Qxd4 32. cxd4 Rxc1+ 33. Rg1
Rxg1+ 34. Kxg1 Kf7 35. d5 Bc5+ 36. Kg2 Be3 37. Kf3 Bc1 38. b3 Bd2 39. h3 Ke7
40. Kg3 Kd7 41. Kf3 Kc7 42. Kg3 Kb6 43. a3 Bc1 44. a4 Kc5 45. e6 Kd6 46. Kf3
Ba3 47. e7 Kxe7 48. Ke3 Kd6 49. Kd4 Bb4 50. Kc4 Bd2 51. h4 Be1 52. h6 gxh6 53.
h5 Bd2 54. Kd3 Bxf4 55. Kc3 Be5+ 56. Kc4 f4 57. b4 axb4 58. Kxb4 0-1

[Event "Mistrzostwa Polski Niewidomych i Slabowi"]
[Site "Wagrowiec"]
[Date "2016.??.??"]
[Round "8.6"]
[White "Stachanczyk, Jacek"]
[Black "Debowska, Teresa"]
[Result "1/2-1/2"]
[WhiteElo "2202"]
[BlackElo "1820"]
[PlyCount "89"]
[EventDate "2016.??.??"]

1. e4 c5 2. Nf3 Nc6 3. d4 cxd4 4. Nxd4 g6 5. Nc3 Bg7 6. Be3 Nf6 7. Bc4 O-O 8.
Bb3 Ng4 9. Qxg4 Nxd4 10. Qd1 Nxb3 11. axb3 a6 12. O-O d6 13. Bd4 Be6 14. Bxg7
Kxg7 15. Qd4+ f6 16. f4 Bf7 17. Rae1 Re8 18. Kh1 Qa5 19. e5 dxe5 20. fxe5 Qd8
21. Qf4 Qb6 22. h4 Rad8 23. Ne4 f5 24. h5 gxh5 25. Qxf5 Qg6 26. Qf4 Bd5 27. Ng3
Be6 28. Qh4 Bg4 29. Rf2 h6 30. Ref1 Qg5 31. Qxg5+ hxg5 32. Ne4 Kg6 33. Nc5 Rd5
34. b4 a5 35. Nd3 b6 36. bxa5 Rxa5 37. Re1 Be6 38. Re4 b5 39. Rd4 Rc8 40. b4
Ra1+ 41. Kh2 Rc4 42. Rd8 Rh4+ 43. Kg3 Rg4+ 44. Kf3 h4 45. Rb8 1/2-1/2

[Event "Mistrzostwa Polski Niewidomych i Slabowi"]
[Site "Wagrowiec"]
[Date "2016.??.??"]
[Round "9.1"]
[White "Debowska, Teresa"]
[Black "Mackowiak, Marek"]
[Result "0-1"]
[WhiteElo "1820"]
[BlackElo "2138"]
[PlyCount "132"]
[EventDate "2016.??.??"]

1. Nf3 c5 2. d3 d5 3. Nbd2 Nf6 4. e4 dxe4 5. dxe4 Nc6 6. c3 g6 7. g3 Bg7 8. Bg2
O-O 9. O-O Qc7 10. Qc2 b6 11. Re1 Bb7 12. Nf1 Rad8 13. e5 Nd5 14. e6 f5 15. Ne3
Ne5 16. Nxd5 Nxf3+ 17. Bxf3 Bxd5 18. Bf4 Qc6 19. Bxd5 Rxd5 20. Rad1 Rfd8 21.
Rxd5 Rxd5 22. Bg5 Bf8 23. h4 h6 24. Bf4 c4 25. Qe2 Kh7 26. Qf3 Bg7 27. Kg2 Rc5
28. Qxc6 Rxc6 29. Kf3 Bf6 30. Bb8 a6 31. Kf4 Rc5 32. Ba7 g5+ 33. hxg5 hxg5+ 34.
Kf3 g4+ 35. Kg2 Rc6 36. Bb8 Kg6 37. Bf4 Bg5 38. Bb8 b5 39. Ba7 Rd6 40. Bd4 Bf6
41. Bc5 Rd3 42. Re2 Bg5 43. a3 Rd5 44. Bd4 Bf6 45. Bb6 Re5 46. Re3 Rxe3 47.
Bxe3 Be5 48. f3 gxf3+ 49. Kxf3 Kf6 50. g4 Kxe6 51. gxf5+ Kxf5 52. Bd2 Bf6 53.
Be3 e5 54. Bd2 Bg5 55. Bxg5 Kxg5 56. Ke4 Kf6 57. a4 Ke6 58. axb5 axb5 59. Ke3
Kf5 60. Kf3 e4+ 61. Ke3 Ke5 62. Kf2 Kf4 63. Ke2 e3 64. Ke1 Kf3 65. b4 cxb3 66.
c4 b2 0-1

[Event "Mistrzostwa Polski Niewidomych i Slabowi"]
[Site "Wagrowiec"]
[Date "2016.??.??"]
[Round "9.2"]
[White "Zarow, Zdzislaw"]
[Black "Stachanczyk, Jacek"]
[Result "0-1"]
[WhiteElo "1862"]
[BlackElo "2202"]
[PlyCount "66"]
[EventDate "2016.??.??"]

1. d4 g6 2. e4 c5 3. Bc4 cxd4 4. Qxd4 Nf6 5. Nc3 Nc6 6. Qd1 Bg7 7. Nf3 O-O 8.
O-O d6 9. h3 a6 10. Be3 b5 11. Bd5 Bb7 12. Nd4 Nxd5 13. exd5 Ne5 14. a3 Rc8 15.
Rb1 Nc4 16. Bc1 Nxa3 17. Ra1 Bxd4 18. Rxa3 Bg7 19. Ne4 Qc7 20. Bg5 Qxc2 21. Re3
Qxd1 22. Rxd1 Rc7 23. h4 Bxb2 24. h5 Bg7 25. hxg6 hxg6 26. Ng3 f6 27. Bf4 Kf7
28. Ne4 b4 29. g4 a5 30. Rf3 Rc4 31. Nd2 Rd4 32. Rc1 Bxd5 33. Be3 Rxd2 0-1

[Event "Mistrzostwa Polski Niewidomych i Slabowi"]
[Site "Wagrowiec"]
[Date "2016.??.??"]
[Round "9.3"]
[White "Kulpinski, Piotr"]
[Black "Barnowski, Sylwester"]
[Result "0-1"]
[WhiteElo "1930"]
[BlackElo "1904"]
[PlyCount "108"]
[EventDate "2016.??.??"]

1. d4 e6 2. Nf3 c5 3. e4 cxd4 4. Nxd4 Nc6 5. Be3 Nf6 6. Bd3 Bb4+ 7. c3 Be7 8.
O-O a6 9. Bc2 d5 10. exd5 Nxd4 11. Bxd4 Qxd5 12. Nd2 O-O 13. Qe2 Qh5 14. Qxh5
Nxh5 15. Ne4 Nf4 16. Rfe1 Bd7 17. g3 Ng6 18. Rad1 Bc6 19. f4 Rfe8 20. Kf2 b5
21. Re2 Bd5 22. a3 Rec8 23. Nd2 a5 24. Be4 Bxe4 25. Nxe4 b4 26. axb4 axb4 27.
Ree1 Ra2 28. Re2 h6 29. Kf3 bxc3 30. Bxc3 Rd8 31. Rxd8+ Bxd8 32. Rd2 Ba5 33. h4
Bxc3 34. Nxc3 Ra8 35. b4 Kf8 36. b5 Rb8 37. Rb2 Ne7 38. Ne4 Nc8 39. Rc2 Nb6 40.
Nc5 Ke7 41. Rd2 Nd5 42. Rb2 Kd6 43. Ne4+ Kc7 44. g4 Rd8 45. g5 h5 46. Nd2 Nb6
47. Rc2+ Kb7 48. Rb2 Nd5 49. Nc4 Rd7 50. Na5+ Kb6 51. Nc4+ Kc5 52. Ne5 Rb7 53.
Rb3 f6 54. gxf6 gxf6 0-1

[Event "Mistrzostwa Polski Niewidomych i Slabowi"]
[Site "Wagrowiec"]
[Date "2016.??.??"]
[Round "9.4"]
[White "Falkowski, Dawid"]
[Black "Zoltek, Tadeusz"]
[Result "0-1"]
[WhiteElo "2059"]
[BlackElo "2100"]
[PlyCount "44"]
[EventDate "2016.??.??"]

1. e4 e6 2. Nf3 d5 3. e5 c5 4. b4 cxb4 5. d4 Nc6 6. a3 Bd7 7. axb4 Bxb4+ 8. c3
Be7 9. Bd3 Nh6 10. Na3 a6 11. Bxh6 gxh6 12. O-O Na5 13. Nc2 Rc8 14. Qd2 Nb3 15.
Qxh6 Nxa1 16. Qg7 Rf8 17. Rxa1 Rxc3 18. Bxh7 Qc7 19. h4 Rxc2 20. Bxc2 Qxc2 21.
h5 Bb5 22. Re1 Qf5 0-1

[Event "Mistrzostwa Polski Niewidomych i Slabowi"]
[Site "Wagrowiec"]
[Date "2016.??.??"]
[Round "9.5"]
[White "Dukaczewski, Piotr"]
[Black "Czajkowski, Adam"]
[Result "1-0"]
[WhiteElo "2254"]
[BlackElo "2082"]
[PlyCount "69"]
[EventDate "2016.??.??"]

1. d4 Nf6 2. c4 d6 3. Nf3 g6 4. Nc3 Bg7 5. g3 O-O 6. Bg2 Nc6 7. O-O e5 8. d5
Ne7 9. e4 Ne8 10. Ne1 f5 11. Nd3 c5 12. dxc6 bxc6 13. Bg5 Nf6 14. Qd2 Be6 15.
b3 Qc7 16. Rac1 fxe4 17. Nxe4 Nxe4 18. Bxe4 Nf5 19. Nb4 Nd4 20. Rc3 Bg4 21.
Bxc6 e4 22. Re3 h6 23. Nd5 Qf7 24. Ne7+ Kh7 25. Bxe4 hxg5 26. Bxg6+ Qxg6 27.
Nxg6 Kxg6 28. f3 Bh3 29. Rf2 Rae8 30. g4 Be5 31. Rd3 Rf4 32. c5 dxc5 33. Re3
Rd8 34. Qd3+ Kf6 35. Qh7 1-0

[Event "Mistrzostwa Polski Niewidomych i Slabowi"]
[Site "Wagrowiec"]
[Date "2016.??.??"]
[Round "9.6"]
[White "Suder, Ryszard"]
[Black "Pawelec, Bartosz"]
[Result "1/2-1/2"]
[WhiteElo "2138"]
[BlackElo "2115"]
[PlyCount "60"]
[EventDate "2016.??.??"]

1. Nf3 d5 2. g3 Nf6 3. Bg2 Bf5 4. O-O e6 5. d3 Be7 6. Nbd2 Nbd7 7. b3 a5 8. a3
O-O 9. Bb2 c5 10. c4 Rb8 11. a4 h6 12. Nb1 d4 13. Na3 Ne8 14. Qd2 e5 15. e3 Nd6
16. Nb5 b6 17. Rae1 Nxb5 18. axb5 Bd6 19. e4 Be6 20. h3 Nf6 21. Nh4 Qd7 22. Kh2
Be7 23. Qe2 Nh7 24. Nf5 Bxf5 25. exf5 Bd6 26. Be4 Qe7 27. Bc1 Ng5 28. Qg4 Qf6
29. Bd5 Rfe8 30. h4 Nh7 1/2-1/2

[Event "Mistrzostwa Polski Niewidomych i Slabowi"]
[Site "Wagrowiec"]
[Date "2016.??.??"]
[Round "10.1"]
[White "Mackowiak, Marek"]
[Black "Pawelec, Bartosz"]
[Result "1-0"]
[WhiteElo "2138"]
[BlackElo "2115"]
[PlyCount "103"]
[EventDate "2016.??.??"]

1. Nf3 d5 2. d4 Nf6 3. g3 Bf5 4. Bg2 e6 5. O-O Bd6 6. c4 O-O 7. c5 Be7 8. a3 a5
9. Nc3 b6 10. Na4 Nfd7 11. Be3 b5 12. Nc3 c6 13. Rc1 Na6 14. Re1 f6 15. Bd2 e5
16. e4 Bg4 17. exd5 exd4 18. d6 Bxd6 19. cxd6 dxc3 20. Bxc3 b4 21. Bd2 Qb6 22.
Qb3+ Kh8 23. Bf4 Nac5 24. Qc4 bxa3 25. bxa3 Qb5 26. Nd4 Qxc4 27. Rxc4 Nd3 28.
Ra1 g5 29. h3 N7e5 30. Bxe5 Nxe5 31. Rc3 Bd7 32. Rac1 Ra6 33. Nxc6 Nxc6 34.
Bxc6 Bxh3 35. d7 Ra7 36. Rd3 Rd8 37. Rcd1 Kg7 38. f3 Rc7 39. Bb5 Rb7 40. a4 Kf7
41. g4 f5 42. Kh2 fxg4 43. Re1 Rc7 44. Rd2 Kf6 45. Re8 Rdxd7 46. Bxd7 h5 47.
Bb5 Rc3 48. Rf2 Kg6 49. Re6+ Kf5 50. Rc6 Re3 51. fxg4+ Ke5 52. Re2 1-0

[Event "Mistrzostwa Polski Niewidomych i Slabowi"]
[Site "Wagrowiec"]
[Date "2016.??.??"]
[Round "10.2"]
[White "Czajkowski, Adam"]
[Black "Suder, Ryszard"]
[Result "0-1"]
[WhiteElo "2082"]
[BlackElo "2138"]
[PlyCount "102"]
[EventDate "2016.??.??"]

1. e4 Nf6 2. e5 Nd5 3. d4 d6 4. Nf3 g6 5. Bc4 Nb6 6. Bb3 Bg7 7. Ng5 e6 8. f4
dxe5 9. fxe5 c5 10. c3 cxd4 11. cxd4 Nc6 12. O-O O-O 13. Nf3 f6 14. Bf4 Nd5 15.
Bxd5 exd5 16. Nc3 Bg4 17. Qd2 Bxf3 18. Rxf3 fxe5 19. dxe5 Bxe5 20. Raf1 Bxf4
21. Rxf4 Rxf4 22. Qxf4 Qd7 23. Nb5 Rd8 24. h4 Qe7 25. Nc7 d4 26. Kh1 Rf8 27.
Nd5 Qd8 28. Qxf8+ Qxf8 29. Rxf8+ Kxf8 30. Kg1 Kf7 31. Kf2 Ke6 32. Nf4+ Ke5 33.
Kf3 b6 34. h5 gxh5 35. Nxh5 Nb4 36. a3 Nd3 37. b3 Ne1+ 38. Kf2 Nc2 39. a4 a5
40. Ke2 Na1 41. g4 Nxb3 42. g5 Nc5 43. Nf6 Kf5 44. Nxh7 Kg6 45. Nf6 Kxg5 46.
Nd5 Kf5 47. Nxb6 Ke4 48. Nc4 d3+ 49. Kd2 Kd4 50. Nxa5 Ne4+ 51. Kd1 Kc3 0-1